| 000 | 00957nam a22002177a 4500 | ||
|---|---|---|---|
| 999 |
_c7944 _d7944 |
||
| 003 | AR-CdUCM | ||
| 008 | 190321b ||||| |||| 00| 0 spa d | ||
| 020 | _a9972-829-04-9 | ||
| 040 |
_aMUNICIPALIDAD PROVINCIAL DEL CUSCO _cBIBLIOTECA MUNICIPAL DEL CUSCO |
||
| 082 |
_a301 / _bF962 |
||
| 100 |
_aFulcrand Terrisse, Bernardo _922448 |
||
| 245 |
_aLas ovejas de San Juan : _bUna visión histórica - antropológica de la introducción del ovino español y su repercusión en la sociedad rural andina / |
||
| 260 |
_aCusco : _bDannys, _c2004. |
||
| 300 |
_a506 páginas ; _c27 cm. |
||
| 505 | _aContenido : Introducción -- Capitulo I : Introducción del ovino domestico en el continente americano -- Capitulo II : Introducción de los ovinos en el Perú .. Capitulo III : El ovino en la españa d los siglos XVI - XVIII ... | ||
| 650 |
_aHistoria _9136 |
||
| 650 |
_aOvino _922449 |
||
| 650 |
_aAntropología _9878 |
||
| 942 |
_2ddc _cLIBROS |
||
| 945 | _arah | ||